| 000 | 00490nam a2200169Ia 4500 | ||
|---|---|---|---|
| 008 | 230917s9999||||xx |||||||||||||| ||und|| | ||
| 020 | _cRS1195 | ||
| 040 |
_e244814 _aMAIN |
||
| 041 | _aEnglish | ||
| 082 | _a642.4 S63P | ||
| 100 | _aShiring, Stephen B | ||
| 245 | 0 | _aProfessional catering: The modern caterer's complete guide to success | |
| 260 |
_aDelhi _bCengage Learning _c2014 |
||
| 300 | _axix, 428 p. | ||
| 500 | _a3006 17/01/2018 HBD18/7207 06/02/2018 IHTM (SFS) | ||
| 942 | _cBK | ||
| 999 |
_c25407 _d25407 |
||